English Heteronyms by Korean Translation #1 - Statistics

General Stats
  • This quiz has been taken 8 times
  • The average score is 5 of 15
Answer Stats
Translation #1 Translation #2 Heteronym % Correct
닫다 가까운 close
75%
광고 주의를 돌리다 advert
63%
딱 벌어져 아가페 agape
63%
백반 졸업생 alum
50%
학대 학대하다 abuse
38%
적절한 책정하다 appropriate
38%
숙이다 bow
38%
합계 종합하다 aggregate
25%
분명히 표현하다 또렷한 articulate
25%
옹호자 옹호하다 advocate
13%
번갈아 나오는 번갈아 나오다 alternate
13%
대략의 비슷하다 approximate
13%
연상하다 (직장) 동료 associate
13%
때문으로 보다 속성 attribute
13%
다지다 소형차 compact
13%
No matching quizzes found
Score Distribution
Percent of People with Each Score
Percentile by Number Answered
Your Score History
You have not taken this quiz